Statistics for Wii Sports Series Sports

Click here to take the quiz!

General Stats

  • This quiz has been taken 31 times
  • The average score is 13 of 18

Answer Stats

HintAnswer% Correct
Wii SportsBowling
100%
Wii SportsGolf
100%
Wii SportsTennis
100%
Wii SportsBaseball
97%
Wii Sports ResortBasketball
93%
Wii SportsBoxing
90%
Nintendo Switch SportsSoccer
72%
Wii Sports ResortTable Tennis
72%
Wii Sports ResortCycling
62%
Wii Sports ResortFrisbee
62%
Wii Sports ResortSwordplay
62%
Wii Sports ResortCanoeing
59%
Wii Sports ResortWakeboarding
59%
Wii Sports ResortAir Sports
52%
Nintendo Switch SportsVolleyball
52%
Wii Sports ResortArchery
48%
Nintendo Switch SportsBadminton
48%
Wii Sports ResortPower Cruising
41%

Score Distribution

Percentile by Number Answered

Percent of People with Each Score

Your Score History

You have not taken this quiz